[Event "XXX Memorial Edoardo Crespi A"]
[Site "Milano ITA"]
[Date "2009.12.08"]
[Round "5"]
[White "Foisor, Cristina-Adela"]
[Black "Tomba, Ivan"]
[Result "1-0"]
[WhiteElo "2440"]
[BlackElo "2283"]
[PlyCount "53"]
[EventDate "2009.12.05"]

1. Nf3 b6 2. c4 Bb7 3. Nc3 Nf6 4. d4 e6 5. a3 d5 6. Bg5 Be7 7. Rc1 O-O 8. e3
Nbd7 9. cxd5 exd5 10. Bd3 c5 11. O-O Rc8 12. Bf5 cxd4 13. Qxd4 Rc4 14. Qd1 h6
15. Bf4 Rc5 16. b4 Rc8 17. Qb3 Re8 18. Nb5 Rxc1 19. Rxc1 Ba6 20. Nfd4 Qa8 21.
e4 Bd8 22. Nd6 Rf8 23. e5 Nh5 24. Bxd7 Nxf4 25. b5 Bb7 26. g3 Nh3+ 27. Bxh3 1-0

[Event "XXX Memorial Edoardo Crespi A"]
[Site "Milano ITA"]
[Date "2009.12.08"]
[Round "5"]
[White "Gagliardi, Christian"]
[Black "Borin, Fabio"]
[Result "1/2-1/2"]
[WhiteElo "2244"]
[BlackElo "2104"]
[PlyCount "104"]
[EventDate "2009.12.05"]

1. e4 c5 2. Nf3 d6 3. d4 cxd4 4. Nxd4 Nf6 5. Nc3 g6 6. Be3 Bg7 7. f3 Nc6 8. Qd2
Be6 9. Nxe6 fxe6 10. Bc4 Qc8 11. Bb3 O-O 12. O-O Na5 13. Nb5 Nc4 14. Bxc4 Qxc4
15. Nxa7 Qa6 16. a4 Rxa7 17. Bxa7 Qxa7+ 18. Kh1 Nd7 19. Ra2 Rc8 20. c3 Nc5 21.
Ra3 Qa6 22. Rd1 Qc4 23. a5 Ra8 24. Qc2 Rc8 25. Qd2 Na6 26. Re1 Qc5 27. Qe2 Qh5
28. g3 Rc5 29. Rb3 Rc7 30. Rb5 Qh3 31. c4 Bd4 32. b4 e5 33. Rc1 Qd7 34. Rc2 Nb8
35. c5 e6 36. Rb6 dxc5 37. Qc4 Rc6 38. Rxc6 Nxc6 39. bxc5 Nxa5 40. Qb4 Qc7 41.
Ra2 Nc6 42. Qb5 Qe7 43. Rc2 h5 44. Kg2 g5 45. h3 Qf7 46. Qb3 Qe7 47. Qa3 Kf7
48. Qa8 Kg7 49. Qc8 Na7 50. Qb8 Nc6 51. Qc8 Na7 52. Qb8 Nc6 1/2-1/2

[Event "XXX Memorial Edoardo Crespi A"]
[Site "Milano ITA"]
[Date "2009.12.08"]
[Round "5"]
[White "Gamboa, Miguel"]
[Black "Zanetti, Alberto"]
[Result "0-1"]
[WhiteElo "2175"]
[BlackElo "2180"]
[PlyCount "154"]
[EventDate "2009.12.05"]

1. d4 Nf6 2. c4 e6 3. Nc3 Bb4 4. e3 b6 5. Nge2 Bb7 6. a3 Bxc3+ 7. Nxc3 O-O 8.
Bd3 d5 9. O-O Nbd7 10. cxd5 exd5 11. Qf3 Qe7 12. Qh3 a6 13. Bd2 c5 14. Rad1
Rfe8 15. Rfe1 Nf8 16. f3 Rad8 17. Qh4 Ng6 18. Qg3 Qd6 19. Na4 Qc6 20. Nc3 c4
21. Bb1 b5 22. Bc1 a5 23. Bc2 Qb6 24. a4 b4 25. Nb5 Re7 26. h4 Ba6 27. Qg5 Rde8
28. h5 h6 29. Qg3 Nxh5 30. Qh2 Bxb5 31. Qxh5 Bc6 32. Kh1 Bb7 33. Qg4 Qf6 34.
Kg1 Bc8 35. Qg3 Bb7 36. Qg4 Qh4 37. Qxh4 Nxh4 38. b3 c3 39. Bd3 Bc6 40. Kf2 Ng6
41. Re2 Nf8 42. Rde1 Ne6 43. g3 Bb7 44. Bb5 Rf8 45. Rd1 f5 46. Ra2 g5 47. Rh1
Kg7 48. Kg1 Rh8 49. Bd3 Rf7 50. Rah2 Rff8 51. Bb5 Nc7 52. Bd3 Ba6 53. Bxa6 Nxa6
54. Kf2 Nc7 55. Ke2 Kg6 56. Kd3 Re8 57. Rh5 Ne6 58. Kc2 Ng7 59. R5h2 h5 60. Kb1
Rhf8 61. Kc2 g4 62. fxg4 fxg4 63. e4 Rxe4 64. Bf4 Rfxf4 65. gxf4 Rxf4 66. Re2
Rxd4 67. Re7 Rd2+ 68. Kb1 g3 69. Rh3 Nf5 70. Re6+ Kg5 71. Rh1 g2 72. Rg1 Rf2
73. Ree1 h4 74. Re5 h3 75. Re8 Rf1+ 76. Ka2 c2 77. Re5 c1=N+ 0-1

[Event "XXX Memorial Edoardo Crespi A"]
[Site "Milano ITA"]
[Date "2009.12.08"]
[Round "5"]
[White "Lazic, Miroljub"]
[Black "David, Alberto"]
[Result "1/2-1/2"]
[WhiteElo "2454"]
[BlackElo "2593"]
[PlyCount "23"]
[EventDate "2009.12.05"]

1. e4 c6 2. d4 d5 3. exd5 cxd5 4. Bd3 Nc6 5. c3 Nf6 6. Bf4 Bg4 7. Qb3 Qc8 8.
Nd2 e6 9. Ngf3 Bxf3 10. Nxf3 Be7 11. O-O O-O 12. Rfe1 1/2-1/2

[Event "XXX Memorial Edoardo Crespi A"]
[Site "Milano ITA"]
[Date "2009.12.08"]
[Round "5"]
[White "Magrini, Fabrizio"]
[Black "Bonade', Massimo"]
[Result "1-0"]
[WhiteElo "2146"]
[BlackElo "2103"]
[PlyCount "65"]
[EventDate "2009.12.05"]

1. e4 c5 2. Nf3 d6 3. d4 cxd4 4. Nxd4 Nf6 5. Nc3 a6 6. Bg5 e6 7. f4 Be7 8. Qf3
Qc7 9. O-O-O Nbd7 10. g4 b5 11. Bxf6 Bxf6 12. Bxb5 Rb8 13. Bxd7+ Bxd7 14. Nb3
O-O 15. g5 Be7 16. h4 Rfc8 17. Rd2 a5 18. a4 Rb4 19. f5 Bxa4 20. Nxa4 Rxa4 21.
f6 Bf8 22. h5 Rc4 23. Rhh2 a4 24. Nd4 Qc5 25. g6 Rxd4 26. fxg7 fxg6 27. hxg6
hxg6 28. gxf8=Q+ Rxf8 29. Rh8+ Kxh8 30. Qxf8+ Kh7 31. Rh2+ Qh5 32. Rxh5+ gxh5
33. Qf7+ 1-0

[Event "XXX Memorial Edoardo Crespi A"]
[Site "Milano ITA"]
[Date "2009.12.08"]
[Round "5"]
[White "Massironi, Marco"]
[Black "Agrifoglio, Fabio"]
[Result "1-0"]
[WhiteElo "2149"]
[BlackElo "2017"]
[PlyCount "81"]
[EventDate "2009.12.05"]

1. e4 d6 2. d4 Nf6 3. Nc3 g6 4. f4 Bg7 5. a3 c6 6. Nf3 b5 7. Bd3 a6 8. e5 Nfd7
9. Ne4 d5 10. Neg5 Nf8 11. f5 f6 12. O-O fxg5 13. Nxg5 h6 14. f6 exf6 15. exf6
Bxf6 16. Re1+ Be7 17. Nf3 Bg4 18. Bf4 Rh7 19. h3 Bxf3 20. Qxf3 Rf7 21. Qg3 g5
22. Bc7 Qc8 23. Bd6 Nbd7 24. Bxe7 Rxe7 25. Qd6 Rxe1+ 26. Rxe1+ Kd8 27. Rf1 Ke8
28. Be2 Nh7 29. Bh5+ Kd8 30. Rf7 Qc7 31. Qe7+ Kc8 32. Rxh7 Ra7 33. Bg4 Qd8 34.
Qd6 Qe8 35. Re7 Qd8 36. Rxd7 Rxd7 37. Qxc6+ Kb8 38. Qxd7 Qf6 39. Qc8+ Ka7 40.
Qc5+ Kb8 41. Qxd5 1-0

[Event "XXX Memorial Edoardo Crespi A"]
[Site "Milano ITA"]
[Date "2009.12.08"]
[Round "5"]
[White "Naumkin, Igor"]
[Black "Feuerstack, Aljoscha"]
[Result "1/2-1/2"]
[WhiteElo "2463"]
[BlackElo "2373"]
[PlyCount "95"]
[EventDate "2009.12.05"]

1. d4 d5 2. c4 c6 3. Nf3 Nf6 4. Nc3 dxc4 5. a4 Bf5 6. e3 e6 7. Bxc4 Bb4 8. O-O
Nbd7 9. Nh4 Bg6 10. f3 Nd5 11. Qe1 Be7 12. Nxg6 hxg6 13. e4 Nb4 14. Qd1 Nb6 15.
Bb3 c5 16. Be3 cxd4 17. Bxd4 O-O 18. Be3 Nd7 19. Kh1 Nc5 20. Bc4 Qxd1 21. Raxd1
Rac8 22. Be2 Bf6 23. a5 a6 24. Rd6 Bd8 25. f4 Bxa5 26. f5 gxf5 27. exf5 Rfd8
28. Rxd8+ Bxd8 29. Bxc5 Rxc5 30. fxe6 fxe6 31. g3 Bf6 32. Ne4 Rc2 33. Bg4 Rxb2
34. Nxf6+ gxf6 35. Rxf6 a5 36. Bxe6+ Kh8 37. Rf8+ Kg7 38. Rf7+ Kg6 39. Rxb7 Nd3
40. Ra7 Kf6 41. Bd5 Kf5 42. Rxa5 Nf2+ 43. Kg1 Nh3+ 44. Kf1 Rf2+ 45. Ke1 Rxh2
46. Bf3+ Kf6 47. Rh5 Ng5 48. Rxh2 1/2-1/2

[Event "XXX Memorial Edoardo Crespi A"]
[Site "Milano ITA"]
[Date "2009.12.08"]
[Round "5"]
[White "Ocantos, Manuel"]
[Black "Almonti, Alessandro"]
[Result "1/2-1/2"]
[WhiteElo "2161"]
[BlackElo "2066"]
[PlyCount "153"]
[EventDate "2009.12.05"]

1. d4 d6 2. Nf3 Nd7 3. g3 g6 4. Bg2 Bg7 5. c4 Ngf6 6. Nc3 O-O 7. O-O c6 8. e4
e5 9. h3 Re8 10. Re1 a5 11. Be3 exd4 12. Nxd4 Nc5 13. Qc2 Be6 14. b3 Nfd7 15.
Rad1 Qb6 16. f4 f6 17. Nxe6 Rxe6 18. Kh2 Rae8 19. Bf2 Qb4 20. f5 gxf5 21. exf5
Rxe1 22. Bxe1 a4 23. Ne4 axb3 24. axb3 Qxb3 25. Qxb3 Nxb3 26. Nxd6 Re2 27. Nxb7
Nbc5 28. Nxc5 Nxc5 29. Kg1 Bh6 30. Bxc6 Be3+ 31. Kh1 Nb3 32. Rd8+ Kg7 33. Bb4
Bc5 34. Rd7+ Kh6 35. Bc3 Kg5 36. Rxh7 Rc2 37. Rg7+ Kxf5 38. g4+ Kf4 39. Bxf6
Bd4 40. Rf7 Kg3 41. Be5+ Bxe5 42. Rf3+ Kh4 43. Rxb3 Bg3 44. Bd7 Rxc4 45. g5 Rd4
46. Bg4 Be5 47. Rb5 Re4 48. g6 Kg3 49. Rb3+ Kh4 50. Be6 Kg5 51. Bf7 Re2 52. Rb5
Kh6 53. Rb3 Rh2+ 54. Kg1 Rb2 55. Rf3 Bd4+ 56. Kf1 Bg7 57. Rf4 Kg5 58. Rg4+ Kh5
59. Bd5 Rb5 60. Be4 Rg5 61. Rf4 Rg3 62. Rf7 Kh6 63. Bf5 Rg5 64. Kf2 Bd4+ 65.
Kf3 Bg7 66. Bd3 Ra5 67. Rd7 Rc5 68. Kg4 Rg5+ 69. Kf3 Ra5 70. h4 Rc5 71. Kf4 Rh5
72. Kg4 Ra5 73. Be4 Ra1 74. Rd5 Rg1+ 75. Kf4 Rf1+ 76. Kg4 Rg1+ 77. Kf3 1/2-1/2

[Event "XXX Memorial Edoardo Crespi A"]
[Site "Milano ITA"]
[Date "2009.12.08"]
[Round "5"]
[White "Pace, Pietro Dario"]
[Black "Abasov, Nijat Azad Oglu"]
[Result "1/2-1/2"]
[WhiteElo "2204"]
[BlackElo "2510"]
[PlyCount "52"]
[EventDate "2009.12.05"]

1. e4 c5 2. Nf3 Nc6 3. d4 cxd4 4. Nxd4 g6 5. c4 Bg7 6. Be3 Nf6 7. Nc3 O-O 8.
Be2 d6 9. O-O Bd7 10. Rc1 Nxd4 11. Bxd4 Bc6 12. f3 a5 13. b3 e6 14. Qd2 Qe7 15.
Rfd1 Rfd8 16. Qe3 h5 17. c5 dxc5 18. Bxc5 Qe8 19. Rxd8 Rxd8 20. Bb6 Rd7 21. Rd1
Rxd1+ 22. Bxd1 Qd7 23. Be2 Qe7 24. Bc5 Qd7 25. Bb6 Qe7 26. Bc5 Qd7 1/2-1/2

[Event "XXX Memorial Edoardo Crespi A"]
[Site "Milano ITA"]
[Date "2009.12.08"]
[Round "5"]
[White "Pienabarca, Nicola"]
[Black "Bozzali, Ermanno"]
[Result "1/2-1/2"]
[WhiteElo "2071"]
[BlackElo "2124"]
[PlyCount "80"]
[EventDate "2009.12.05"]

1. d4 e6 2. Nf3 f5 3. g3 Nf6 4. Bg2 d5 5. O-O Bd6 6. c4 c6 7. b3 Qe7 8. Bb2 O-O
9. Nbd2 b6 10. a4 a5 11. Ne5 Bb7 12. f3 Nfd7 13. e3 Nxe5 14. dxe5 Bc5 15. Bd4
Na6 16. f4 Nb4 17. Nf3 Ba6 18. Bxc5 bxc5 19. Nd2 Rad8 20. Qc1 Rd7 21. Rf3 Rfd8
22. Bf1 h6 23. cxd5 cxd5 24. Bxa6 Nxa6 25. Qf1 Ra7 26. Rc1 Rb8 27. Qe2 Nb4 28.
Rf2 Rd7 29. g4 fxg4 30. Rg2 Na2 31. Rf1 h5 32. h3 Nc3 33. Qd3 Ne4 34. hxg4 Nxd2
35. Qxd2 Rxb3 36. gxh5 Qh4 37. Qc2 Rxe3 38. Qg6 Rh3 39. Qe8+ Kh7 40. Qg6+ Kg8
1/2-1/2

[Event "XXX Memorial Edoardo Crespi A"]
[Site "Milano ITA"]
[Date "2009.12.08"]
[Round "5"]
[White "Quaranta, Cristiano"]
[Black "Brunello, Roberta"]
[Result "1-0"]
[WhiteElo "2134"]
[BlackElo "2016"]
[PlyCount "49"]
[EventDate "2009.12.05"]

1. d4 d5 2. c4 e6 3. Nf3 Nf6 4. g3 Be7 5. Bg2 O-O 6. O-O dxc4 7. Qc2 a6 8. Qxc4
b5 9. Qc2 Bb7 10. Bd2 Nbd7 11. Ba5 Rc8 12. Nbd2 Qe8 13. b4 Bd6 14. e4 e5 15.
Rfe1 exd4 16. e5 Nxe5 17. Nxe5 Bxg2 18. Nef3 Qd7 19. Kxg2 c5 20. bxc5 Bxc5 21.
Qd3 b4 22. Nb3 Qb7 23. Rac1 Ba7 24. Rxc8 Rxc8 25. Rc1 1-0

[Event "XXX Memorial Edoardo Crespi A"]
[Site "Milano ITA"]
[Date "2009.12.08"]
[Round "5"]
[White "Radice, Luca"]
[Black "Salmoiraghi, Angelo"]
[Result "0-1"]
[WhiteElo "2088"]
[BlackElo "2150"]
[PlyCount "78"]
[EventDate "2009.12.05"]

1. d4 d5 2. c4 c6 3. Nf3 Nf6 4. e3 a6 5. Nbd2 Bf5 6. Be2 g6 7. O-O Bg7 8. Ne5
O-O 9. g4 Bc8 10. f4 Ne4 11. Nxe4 dxe4 12. c5 Be6 13. Bd2 Nd7 14. Nc4 Nf6 15.
Ba5 Qe8 16. Nb6 Rb8 17. f5 gxf5 18. gxf5 Bd7 19. Bc4 Bh6 20. Bd2 Kh8 21. Rf2
Rg8+ 22. Kh1 Ng4 23. Rg2 Bxf5 24. Qb3 e6 25. Be2 Qe7 26. Rag1 Nf6 27. Nc4 Rxg2
28. Rxg2 Nd5 29. Nd6 b5 30. Bh5 Bg6 31. Be2 a5 32. a4 b4 33. Bc4 f5 34. Bxd5
exd5 35. Qd1 Rf8 36. Qe2 f4 37. Qa6 fxe3 38. Be1 Bh5 39. Qxc6 Rf1+ 0-1

[Event "XXX Memorial Edoardo Crespi A"]
[Site "Milano ITA"]
[Date "2009.12.08"]
[Round "5"]
[White "Ranfagni, Stefano"]
[Black "Battistella, Stefano"]
[Result "1/2-1/2"]
[WhiteElo "2014"]
[BlackElo "2114"]
[PlyCount "85"]
[EventDate "2009.12.05"]

1. e4 a6 2. d4 b5 3. Bd3 Bb7 4. Nf3 e6 5. O-O Nf6 6. Qe2 c5 7. c3 cxd4 8. cxd4
Nc6 9. a3 Na5 10. Nbd2 Be7 11. e5 Nd5 12. Ne4 h6 13. Be3 Nc4 14. Rac1 Rc8 15.
Bxc4 bxc4 16. Nfd2 Nxe3 17. fxe3 Bd5 18. Qg4 Rh7 19. Nf6+ Bxf6 20. exf6 Kf8 21.
e4 Ba8 22. e5 d5 23. fxg7+ Rxg7 24. Qxe6 Rc6 25. Qh3 Rcg6 26. g3 Bb7 27. Rce1
Kg8 28. Rf4 Qg5 29. Qh4 Qxh4 30. Rxh4 Rb6 31. Rb1 Bc8 32. Rf4 Rg5 33. b4 Bf5
34. Rc1 Bd3 35. Nf3 Rf5 36. Rxf5 Bxf5 37. Nh4 Be4 38. Ng2 a5 39. bxa5 Ra6 40.
Nf4 Rxa5 41. Rc3 Rb5 42. Nh5 f5 43. g4 1/2-1/2

[Event "XXX Memorial Edoardo Crespi A"]
[Site "Milano ITA"]
[Date "2009.12.08"]
[Round "5"]
[White "Rettore, Ludwig"]
[Black "Bertazzo, Giorgio"]
[Result "1/2-1/2"]
[WhiteElo "2197"]
[BlackElo "2087"]
[PlyCount "87"]
[EventDate "2009.12.05"]

1. e4 e5 2. Nf3 Nc6 3. Nc3 Nf6 4. d4 exd4 5. Nd5 Be7 6. Bf4 d6 7. Nxd4 Nxd4 8.
Qxd4 Nxd5 9. exd5 Bf6 10. Qd3 O-O 11. O-O-O Re8 12. h4 g6 13. Qg3 Bf5 14. Bd3
Qd7 15. h5 Bxd3 16. Rxd3 Qb5 17. Rb3 Qxd5 18. hxg6 fxg6 19. Qh3 Re7 20. Re3 Qf5
21. Qh6 Rae8 22. c3 g5 23. Rxe7 Rxe7 24. Be3 a6 25. Rh3 Qg6 26. Qxg6+ hxg6 27.
Rg3 Re5 28. Bd4 Rf5 29. Bxf6 Rxf6 30. Rxg5 Rxf2 31. Rxg6+ Kf7 32. Rg3 Ke7 33.
Rg7+ Kd8 34. g4 Rg2 35. a4 b5 36. axb5 axb5 37. Kb1 Kc8 38. Ka2 Kb7 39. Ka3 Kb6
40. b4 c5 41. Rg6 Kc7 42. bxc5 dxc5 43. Kb3 Kb7 44. Ka3 1/2-1/2

[Event "XXX Memorial Edoardo Crespi A"]
[Site "Milano ITA"]
[Date "2009.12.08"]
[Round "5"]
[White "Ricci, Marco"]
[Black "Gori, Andrea"]
[Result "1-0"]
[WhiteElo "2081"]
[BlackElo "2182"]
[PlyCount "107"]
[EventDate "2009.12.05"]

1. e4 e5 2. Nf3 Nc6 3. Bb5 a6 4. Bxc6 dxc6 5. O-O Bg4 6. h3 h5 7. d3 Qf6 8.
Nbd2 b5 9. Re1 Bd7 10. Nb3 Bd6 11. d4 Qe7 12. dxe5 Bxe5 13. Nxe5 Qxe5 14. f4
Qd6 15. Qf3 Be6 16. Rd1 Qe7 17. Nd4 Bd7 18. e5 O-O-O 19. Be3 Kb7 20. Nb3 Qe8
21. Rxd7 Rxd7 22. Na5+ Kb8 23. Qxc6 Qc8 24. Qc5 c6 25. Nxc6+ Ka8 26. a4 bxa4
27. Rxa4 Rh6 28. Rc4 Rc7 29. Qb6 h4 30. Kh2 f5 31. b3 Qb7 32. Qxb7+ Kxb7 33.
Nd8+ Kc8 34. Rxc7+ Kxc7 35. Nf7 Re6 36. Nd6 Nh6 37. Bf2 Kc6 38. Bxh4 Kc5 39.
Bf2+ Kb4 40. Be1+ Ka3 41. b4 g6 42. c4 Ng8 43. b5 axb5 44. cxb5 Ne7 45. b6 Nc6
46. b7 Re7 47. Bf2 Rh7 48. Ba7 Rh8 49. Nc8 Ka4 50. e6 Kb5 51. Nd6+ Ka6 52. b8=Q
Nxb8 53. Bxb8 Rxb8 54. e7 1-0

[Event "XXX Memorial Edoardo Crespi A"]
[Site "Milano ITA"]
[Date "2009.12.08"]
[Round "5"]
[White "Robertsen, Thomas"]
[Black "Sullolari, Saip"]
[Result "1-0"]
[WhiteElo "2273"]
[BlackElo "2106"]
[PlyCount "93"]
[EventDate "2009.12.05"]

1. e4 c5 2. Nf3 d6 3. d4 cxd4 4. Nxd4 Nf6 5. Nc3 a6 6. Bg5 e6 7. f4 Nbd7 8. Qf3
Qc7 9. O-O-O Be7 10. g4 h6 11. Bxf6 Nxf6 12. h4 g6 13. g5 hxg5 14. hxg5 Rxh1
15. gxf6 Rxf1 16. Rxf1 Bxf6 17. e5 dxe5 18. Ne4 Qe7 19. Nc6 bxc6 20. Nxf6+ Qxf6
21. Qxc6+ Bd7 22. Qxa8+ Ke7 23. Qa7 Qf5 24. Qc5+ Ke8 25. Qxe5 f6 26. Qb8+ Ke7
27. Rd1 Qc5 28. Qh8 Be8 29. Qh3 Qc4 30. Qa3+ Kf7 31. Kb1 Qxf4 32. Qxa6 g5 33.
Rh1 f5 34. Qb7+ Kf6 35. a4 Qxa4 36. Rh7 Ke5 37. b3 Qb5 38. Qc7+ Ke4 39. Rh1 e5
40. Re1+ Kf4 41. Qc3 e4 42. Qe3+ Ke5 43. Qxg5 Bd7 44. Qe7+ Be6 45. Qg7+ Kd6 46.
Rd1+ Kc6 47. Qf6 1-0

[Event "XXX Memorial Edoardo Crespi A"]
[Site "Milano ITA"]
[Date "2009.12.08"]
[Round "5"]
[White "Rota, Simone"]
[Black "Burlando, Alessandro"]
[Result "1-0"]
[WhiteElo "1992"]
[BlackElo "2178"]
[PlyCount "77"]
[EventDate "2009.12.05"]

1. d4 Nf6 2. c4 g6 3. Nc3 Bg7 4. e4 d6 5. Nf3 O-O 6. Be2 e5 7. O-O Nc6 8. d5
Ne7 9. Ne1 Nd7 10. Be3 f5 11. f3 f4 12. Bf2 g5 13. a4 Nf6 14. a5 h5 15. c5 g4
16. cxd6 cxd6 17. Nb5 g3 18. Bxa7 Rxa7 19. Nxa7 Bd7 20. Bb5 Qa8 21. Nc6 bxc6
22. dxc6 gxh2+ 23. Kxh2 Bxc6 24. Bxc6 Qxc6 25. Rf2 Qd7 26. a6 Ra8 27. Rd2 Ne8
28. Qb3+ Kh7 29. Qb7 Qxb7 30. axb7 Rb8 31. Ra8 Rxb7 32. Rxe8 Kg6 33. Rd8 Kf7
34. R8xd6 Bf6 35. Nd3 Rb5 36. b4 Rb8 37. Ra2 Rb7 38. Ra5 Ng6 39. Raa6 1-0

[Event "XXX Memorial Edoardo Crespi A"]
[Site "Milano ITA"]
[Date "2009.12.08"]
[Round "5"]
[White "Skembris, Spyridon"]
[Black "Foisor, Ovidiu-Doru"]
[Result "1/2-1/2"]
[WhiteElo "2475"]
[BlackElo "2420"]
[PlyCount "31"]
[EventDate "2009.12.05"]

1. c4 g6 2. Nf3 Bg7 3. g3 c5 4. Bg2 Nc6 5. Nc3 e6 6. O-O Nge7 7. a3 d5 8. cxd5
exd5 9. d3 h6 10. Bd2 Be6 11. Rc1 Rc8 12. b4 cxb4 13. axb4 Nxb4 14. Qa4+ Nbc6
15. Nb5 Qd7 16. Bc3 1/2-1/2

[Event "XXX Memorial Edoardo Crespi A"]
[Site "Milano ITA"]
[Date "2009.12.08"]
[Round "5"]
[White "Stromboli, Ettore"]
[Black "Genocchio, Daniele"]
[Result "0-1"]
[WhiteElo "2260"]
[BlackElo "2464"]
[PlyCount "118"]
[EventDate "2009.12.05"]

1. e4 e5 2. Nf3 Nc6 3. Bb5 Nf6 4. d3 Bc5 5. Bxc6 dxc6 6. Be3 Qe7 7. Bxc5 Qxc5
8. Qd2 Bg4 9. Nc3 Bxf3 10. gxf3 O-O-O 11. O-O-O Nh5 12. Qe3 Qa5 13. d4 b6 14.
Kb1 exd4 15. Rxd4 Qe5 16. Ne2 Rxd4 17. Qxd4 Re8 18. Qxe5 Rxe5 19. Kc1 g6 20.
Kd2 f5 21. Ke3 a5 22. Nf4 Nf6 23. Nd3 Re8 24. e5 Nd5+ 25. Kd2 Rd8 26. Ke2 c5
27. c4 Ne7 28. h4 Nc6 29. Rh3 f4 30. Nxf4 Nxe5 31. b3 a4 32. h5 Re8 33. Kf1 Rf8
34. hxg6 hxg6 35. Nd5 Rxf3 36. Rxf3 Nxf3 37. Ne7+ Kd8 38. Nxg6 Nd2+ 39. Ke2
Nxb3 40. a3 c6 41. Kd3 Kd7 42. Ne5+ Kd6 43. f4 Nd4 44. Ke4 Ke6 45. f5+ Nxf5 46.
Nxc6 Nd6+ 47. Kd3 Nf7 48. Na7 Ne5+ 49. Kc3 Kd7 50. Nb5 Kc6 51. Na7+ Kc7 52.
Nb5+ Kd7 53. Na7 Nf7 54. Nb5 Nd6 55. Nxd6 Kxd6 56. Kd3 Kc6 57. Kc2 b5 58. Kc3
bxc4 59. Kxc4 Kd6 0-1

[Event "XXX Memorial Edoardo Crespi A"]
[Site "Milano ITA"]
[Date "2009.12.08"]
[Round "5"]
[White "Sumets, Andrey"]
[Black "Shishkin, Vadim"]
[Result "1/2-1/2"]
[WhiteElo "2621"]
[BlackElo "2515"]
[PlyCount "41"]
[EventDate "2009.12.05"]

1. d4 Nf6 2. c4 g6 3. Nc3 d5 4. Nf3 Bg7 5. Bf4 O-O 6. Rc1 dxc4 7. e4 Bg4 8.
Bxc4 Nh5 9. Be3 Bxf3 10. gxf3 e5 11. dxe5 Bxe5 12. Qxd8 Rxd8 13. O-O Nc6 14.
Nd5 Na5 15. Bg5 Rd7 16. Bb5 c6 17. b4 cxb5 18. bxa5 Re8 19. Rc5 a6 20. Rfc1 f6
21. Be3 1/2-1/2

[Event "XXX Memorial Edoardo Crespi A"]
[Site "Milano ITA"]
[Date "2009.12.08"]
[Round "5"]
[White "Tramalloni, Luca"]
[Black "Calella, Sergio"]
[Result "1/2-1/2"]
[WhiteElo "2143"]
[BlackElo "2080"]
[PlyCount "60"]
[EventDate "2009.12.05"]

1. d4 Nf6 2. c4 c5 3. d5 d6 4. Nc3 g6 5. e4 Bg7 6. h3 O-O 7. Nf3 Na6 8. Bd3 Nc7
9. O-O a6 10. Re1 Rb8 11. e5 Nd7 12. exd6 exd6 13. Bf4 Nf6 14. a4 b5 15. Qd2
bxc4 16. Bxc4 Bb7 17. Rab1 Qd7 18. Ng5 Rfd8 19. b3 Qf5 20. g4 Nxg4 21. Nge4 Ne5
22. Kg2 Bc8 23. Qe3 Nxc4 24. bxc4 Rxb1 25. Nxb1 Bd4 26. Qg3 Ne8 27. Nbd2 Bd7
28. a5 Rb8 29. Bxd6 Rb2 30. Bf4 Ra2 1/2-1/2

[Event "XXX Memorial Edoardo Crespi A"]
[Site "Milano ITA"]
[Date "2009.12.08"]
[Round "5"]
[White "Vezzosi, Paolo"]
[Black "Stromboli, Carlo"]
[Result "1/2-1/2"]
[WhiteElo "2363"]
[BlackElo "2272"]
[PlyCount "183"]
[EventDate "2009.12.05"]

1. Nf3 Nf6 2. c4 e6 3. Nc3 d5 4. d4 Nbd7 5. cxd5 exd5 6. Bf4 c6 7. e3 Nh5 8.
Bg5 Qb6 9. a3 h6 10. Bh4 g5 11. Bg3 a5 12. Bd3 Nxg3 13. hxg3 Bg7 14. O-O O-O
15. Bc2 Re8 16. Qd3 Nf8 17. Rfc1 Bg4 18. Na4 Qd8 19. b4 axb4 20. axb4 Qd6 21.
b5 Re7 22. Rab1 Rae8 23. Nh2 Bh5 24. bxc6 bxc6 25. Qa6 Re6 26. Bf5 Rf6 27. g4
Bg6 28. Rb6 Bxf5 29. Rcxc6 Qa3 30. gxf5 Rxf5 31. Nc3 Qc1+ 32. Qf1 Qa3 33. Ng4
Re6 34. Qb1 Qa8 35. Qxf5 Rxc6 36. Rxc6 Qxc6 37. Nxd5 Ng6 38. g3 Qe6 39. Ndf6+
Kh8 40. Qf3 Bxf6 41. Qxf6+ Kh7 42. Qxe6 fxe6 43. e4 Kg7 44. f3 Ne7 45. Ne5 Nc8
46. Kf2 Nd6 47. g4 Ne8 48. Ke3 Nf6 49. Kd3 h5 50. gxh5 Nxh5 51. Kc4 Kf6 52.
Ng4+ Ke7 53. Kc5 Nf4 54. Ne5 Kf6 55. Kd6 Ne2 56. Ng4+ Kf7 57. d5 exd5 58. Kxd5
Ng1 59. Nh2 Ne2 60. Ke5 Kg6 61. Kd6 Nd4 62. Kd5 Ne2 63. Nf1 Ng1 64. Nd2 Ne2 65.
Nb3 g4 66. fxg4 Kg5 67. e5 Nf4+ 68. Kd6 Kxg4 69. Nd4 Ng6 70. e6 Kg5 71. Nb5 Kf6
72. Nc7 Kf5 73. Nd5 Kg5 74. Ne3 Kf4 75. Nc4 Nh4 76. Ke7 Kg5 77. Ne3 Ng6+ 78.
Kd6 Kf4 79. Nc4 Nh4 80. Kd7 Ng6 81. Ke8 Kf5 82. Kf7 Nh8+ 83. Ke7 Ng6+ 84. Kd6
Kf6 85. Ne3 Kg7 86. Ng4 Kf8 87. Kd7 Kg7 88. Kd8 Kg8 89. Nf6+ Kf8 90. Ng4 Kg7
91. Kc7 Nf4 92. e7 1/2-1/2

[Event "XXX Memorial Edoardo Crespi A"]
[Site "Milano ITA"]
[Date "2009.12.09"]
[Round "6"]
[White "Abasov, Nijat Azad Oglu"]
[Black "Foisor, Cristina-Adela"]
[Result "1/2-1/2"]
[WhiteElo "2510"]
[BlackElo "2440"]
[PlyCount "68"]
[EventDate "2009.12.05"]

1. e4 e5 2. Nf3 Nc6 3. Bb5 Nf6 4. O-O Nxe4 5. d4 Nd6 6. Bxc6 dxc6 7. dxe5 Nf5
8. Qxd8+ Kxd8 9. Nc3 Ke8 10. h3 Be7 11. Rd1 Nh4 12. Nxh4 Bxh4 13. Be3 Be7 14.
Rd2 Be6 15. Rad1 a5 16. a3 h5 17. Ne2 Rd8 18. Nd4 Rd5 19. c4 Rd8 20. Nxe6 fxe6
21. Rxd8+ Bxd8 22. b4 axb4 23. axb4 Rf8 24. g4 Rf7 25. Ra1 hxg4 26. hxg4 Rd7
27. Ra8 Rd1+ 28. Kg2 Kd7 29. f4 g6 30. Kf3 Rb1 31. Bd2 Rb3+ 32. Ke4 Rg3 33. g5
b6 34. Ra1 Rh3 1/2-1/2

[Event "XXX Memorial Edoardo Crespi A"]
[Site "Milano ITA"]
[Date "2009.12.09"]
[Round "6"]
[White "Agrifoglio, Fabio"]
[Black "Tramalloni, Luca"]
[Result "0-1"]
[WhiteElo "2017"]
[BlackElo "2143"]
[PlyCount "120"]
[EventDate "2009.12.05"]

1. g3 d5 2. Bg2 e5 3. d3 Nf6 4. Nf3 Bd6 5. O-O O-O 6. c3 h6 7. Qc2 Nc6 8. b4
Bf5 9. Nh4 Be6 10. a3 Qd7 11. e4 b5 12. f4 dxe4 13. dxe4 a5 14. fxe5 Bxe5 15.
Bf4 axb4 16. Rd1 Qe8 17. Bxe5 Nxe5 18. cxb4 Rc8 19. Qc5 Bc4 20. Nf5 Nfd7 21.
Qd4 Kh7 22. Nc3 Qe6 23. Qd2 Qb6+ 24. Qd4 Qxd4+ 25. Nxd4 Rb8 26. Nc6 Rb6 27. Na5
Rd8 28. Nd5 Bxd5 29. Rxd5 Re8 30. Rc1 c6 31. Rd6 Ra8 32. Bh3 Nf6 33. Bf5+ Kh8
34. Rcd1 Ne8 35. Rd8 Rbb8 36. Rxb8 Rxb8 37. Rc1 g6 38. Bh3 Rb6 39. Rc3 Nd6 40.
Bg2 Kg7 41. h3 Kf6 42. Kf2 Ra6 43. Ke2 Ndc4 44. a4 Nxa5 45. axb5 cxb5 46. bxa5
Rxa5 47. Rb3 Ke6 48. Bf1 Nc4 49. Kf2 Ke5 50. Be2 Kxe4 51. Bf3+ Kd4 52. Bc6 Nd6
53. Rb1 Ne4+ 54. Bxe4 Kxe4 55. Re1+ Kd4 56. Re7 b4 57. Rb7 Kc4 58. Ke2 Rd5 59.
Rxf7 b3 60. Rc7+ Rc5 0-1

[Event "XXX Memorial Edoardo Crespi A"]
[Site "Milano ITA"]
[Date "2009.12.09"]
[Round "6"]
[White "Almonti, Alessandro"]
[Black "Magrini, Fabrizio"]
[Result "0-1"]
[WhiteElo "2066"]
[BlackElo "2146"]
[PlyCount "74"]
[EventDate "2009.12.05"]

1. c4 Nf6 2. Nc3 g6 3. e4 e5 4. g3 Bg7 5. Bg2 O-O 6. Nge2 Nc6 7. a3 a5 8. Rb1
d6 9. d3 Be6 10. Bg5 Qd7 11. Bxf6 Bxf6 12. Nd5 Bg7 13. O-O f5 14. b4 axb4 15.
axb4 Ne7 16. Nxe7+ Qxe7 17. exf5 Bxf5 18. Bxb7 Ra3 19. Be4 Bh3 20. Bg2 Bg4 21.
Qd2 Bh6 22. Qc2 Qf6 23. Nc3 Qf5 24. Be4 Qd7 25. Nb5 Raa8 26. Ra1 c6 27. Rxa8
Rxa8 28. Nc3 Rf8 29. b5 cxb5 30. cxb5 Be6 31. Bc6 Qf7 32. Qe2 Rc8 33. Qe4 d5
34. Qh4 Bf8 35. Qa4 Bc5 36. Qa6 Rf8 37. Qb7 Bxf2+ 0-1

[Event "XXX Memorial Edoardo Crespi A"]
[Site "Milano ITA"]
[Date "2009.12.09"]
[Round "6"]
[White "Battistella, Stefano"]
[Black "Pienabarca, Nicola"]
[Result "1-0"]
[WhiteElo "2114"]
[BlackElo "2071"]
[PlyCount "59"]
[EventDate "2009.12.05"]

1. d4 Nf6 2. c4 g6 3. Nc3 d5 4. cxd5 Nxd5 5. e4 Nxc3 6. bxc3 Bg7 7. Ba3 O-O 8.
Qb3 b6 9. Nf3 Nc6 10. Rd1 Bb7 11. Bd3 Na5 12. Qc2 Re8 13. O-O Qc8 14. c4 c5 15.
d5 e6 16. Bb2 Bxb2 17. Qxb2 exd5 18. exd5 Qg4 19. Qf6 Qd7 20. Ne5 Qe7 21. Ng4
h5 22. Nh6+ Kh7 23. Qxf7+ Qxf7 24. Nxf7 Re7 25. Ng5+ Kh6 26. h4 b5 27. d6 Rd7
28. cxb5 Rf8 29. Rfe1 Rxd6 30. Re7 1-0